La Jurisdiccin̤ Voluntaria Una apuesta por la eficacia /

Bibliographic Details
Main Author: Garca̕ Mas, Francisco Javier
Other Authors: Fernǹdez de Bujǹ y Fernǹdez, Antonio
Format: eBook
Language:Spanish
Published: Madrid: Dykinson, 2016
Subjects:
Online Access:Acceso restringido

MARC

LEADER 00000nam a22000007a 4500
005 20170902220450.0
007 cr|||| ||||
008 170902s2016 es |||||s|||| 00||0 spa d
020 |a 978-84-9085-938-4 
035 |a 20498 
040 |a vLex 
090 |c 6890  |d 6890 
100 1 |a Garca̕ Mas, Francisco Javier 
245 1 2 |a La Jurisdiccin̤ Voluntaria  |h [Recurso electrn̤ico] :  |b Una apuesta por la eficacia /  |c Francisco Javier Garca̕ Mas, Antonio Fernǹdez de Bujǹ y Fernǹdez 
256 |a Servicio en ln̕ea 
260 |a Madrid:  |b Dykinson,  |c 2016 
300 |a 1 recurso electrn̤ico 
506 1 |a Disponible solo en los productos indicados  |d vLex Global  |d vLex Global (Academic Edition, excluding Law Schools)  |d vLex Global (U.S. Academic Edition, Law Schools)  |d vLex Global (U.S. Academic Edition, excluding Law Schools)  |d vLex Global (Academic Edition, Law Schools) 
650 0 4 |a Derecho Civil  |z Espaą 
700 1 |a Fernǹdez de Bujǹ y Fernǹdez, Antonio 
740 0 |a vLex Libros (Servicio en ln̕ea) 
856 4 0 |u http://vlex.com/source/jurisdiccion-voluntaria-apuesta-eficacia-20498  |z Acceso restringido 
942 |c BOOK 
999 0 |a Civil Law